Trastorno por déficit de atención con hiperactividad : (Registro nro. 11366)

Detalles MARC
000 -LIDER
fixed length control field 00999nam a22002657a 4500
001 - NÚMERO DE CONTROL
Identificador de número de control 000493
003 - IDENTIFICACDOR DE NÚMERO DE CONTROL
control field DO-SdBNP
005 - DATE AND TIME OF LATEST TRANSACTION
control field 20171110105935.0
007 - CAMPOS FIJOS DE DESCRIPCIÓN FÍSICA
fixed length control field 000493
008 - ELEMENTOS DE LONGITUD FIJA
fixed length control field 160914b 2004 sp ||||| |||| 00| 0 spa d
020 ## - ISBN
International Standard Book Number 9788497060776
040 ## - FUENTE DE CATALOGACIÓN
Agencia que crea de manera original el registro BPMSU
Idioma de catalogación spa
Agencia que realiza la transcripción BPMSU
082 #4 - NÚMERO DE CLASIFICACIÓN DECIMAL DE DEWEY
Classification number 616.8589
Item number S587t
100 1# - ASIENTO PRINCIPAL -- NOMBRE PERSONAL
Nombre personal Silver, Larry B.
240 10 - TITULO UNIFORME
Título uniforme Attention-deficit/hyperactivity disorder.
Idioma de una obra Español.
245 10 - MENCIÓN DE TITULO
Título Trastorno por déficit de atención con hiperactividad :
Subtítulo guía clínica de diagnóstico y tratamiento para profesionales de la salud /
Mención de responsabilidad Larry B. Silver ; traducción María Jesús Herrero Gascón.
260 ## - PUBLICACIÓN, DISTRIBUCIÓN, ETC. (PIE DE IMPRENTA)
Lugar de publicación, distribución, etc Barcelona :
Nombre del editor, distribuidor, etc. Ars Médica ;
-- Lexus,
Fecha de publicación, distribución, etc 2004.
300 ## - DESCRIPCIÓN FÍSICA
Extensión xi, 272 p. ;
Dimensiones 24 cm.
650 #4 - ENCABEZAMIENTO DE MATERIA--TEMÁTICO
Término temático o nombre geográfico como elemento de entrada TRASTORNO DE LA FALTA DE ATENCION CON HIPERACTIVIDAD
700 12 - ASIENTO SECUNDARIO -- NOMBRE PERSONAL
Nombre personal Herrero Gascón, María Jesús,
Mención de responsabilidad tr.
910 ## - VALIDACIÓN
Validación Validado. Control de calidad MFF
942 ## - ADDED ENTRY ELEMENTS (KOHA)
Source of classification or shelving scheme Dewey Decimal Classification
Koha item type Libros
945 ## - INFORMACIÓN DE PROCESAMIENTO LOCAL
Información de procesamiento local Inventariado, 2017/MFF
956 ## - LOCAL ELECTRONIC LOCATION AND ACCESS (OCLC)
Método de acceso LOPEREZ
Materiales especificados 10
Enlace 201600914
Campo enlazado y núm. de secuencia BPMSU
Nombre de host 00041
Existencias
Withdrawn status Lost status Source of classification or shelving scheme Damaged status Not for loan Collection code Home library Current library Date acquired Total Checkouts Full call number Barcode Date last seen Price effective from Koha item type Copy number
    Dewey Decimal Classification     Colección General Biblioteca Pública Metropolitana Salomé Ureña Biblioteca Pública Metropolitana Salomé Ureña 09/14/2016   616.8589 S587t BPMSU16090256 09/14/2016 09/14/2016 Libros  
    Dewey Decimal Classification     Colección General Biblioteca Pública Metropolitana Salomé Ureña Biblioteca Pública Metropolitana Salomé Ureña 09/14/2016   616.8589 S587t BPMSU16090257 09/14/2016 09/14/2016 Libros e.2